| 000 | 00746nam a2200169 i 4500 | ||
|---|---|---|---|
| 001 | 163170 | ||
| 003 | ES-MaACL | ||
| 005 | 20230906212704.0 | ||
| 008 | 050711s1900 cu | |||||||| ||spa d | ||
| 040 |
_aCAM _bspa _cCAM |
||
| 100 | 1 |
_aRegüeiferos y Boudet, Erasmo. _995922 |
|
| 245 | 1 | 3 |
_aEl vals de Straus _b: ensayo dramatico en un acto y en prosa / _coriginal de Erasmo Regüeiferos y Boudet. |
| 260 |
_aSantiago de Cuba : _b[s.n.], _c1900 ( _fImprenta de Juan E. Ravelo) |
||
| 300 |
_a22 p. ; _c22 cm. |
||
| 500 | _aRepresentado por primera vez en el Teatro Oriente, a beneficio del Sr. Enrique Castillo el dia 5 de septiembre de 1899. | ||
| 852 |
_aES-MaACL _jT-1012-F-9 _z-- Enc. hol. conservando la original _z-- Enc. en un vol. facticio |
||
| 999 |
_c163170 _d163170 |
||